Complete prose works of John Milton

Сохранить в:
Библиографические подробности
Главный автор: Milton, John
Формат:
Язык:Undetermined
Опубликовано: New York, Estados Unidos Yale University Press 1959
Предметы:
Метки: Добавить метку
Нет меток, Требуется 1-ая метка записи!

MARC

LEADER 00000nam a2200000Ia 4500
008 170316s9999 xx 000 0 und d
040 |a cru BVZT 
090 |a 820 M-19co v.2 
100 |a Milton, John 
245 |a Complete prose works of John Milton 
260 |a New York, Estados Unidos 
260 |b Yale University Press 
260 |c 1959 
300 |a 840 páginas Vol.2 (1643-1648) 
650 |a LITERATURA INGLESA 
999 |c 7012  |d 7012 
942 |c 15 D  |h 820 M-19co v.2  |2 z